| 000 | 00794nam a22002297a 4500 | ||
|---|---|---|---|
| 999 |
_c1454 _d1454 |
||
| 003 | AR-CdUCM | ||
| 008 | 190227b ||||| |||| 00| 0 spa d | ||
| 040 |
_aMUNICIPALIDAD PROVINCIAL DEL CUSCO _cBIBLIOTECA MUNICIPAL DEL CUSCO |
||
| 082 |
_a373.22 / _bD47 |
||
| 100 |
_aDekle, Bernard _95506 |
||
| 245 | _aEstampas de escritores contemporáneos / | ||
| 260 |
_aBuenos Aires : _bEditorial Nova S.AC, _c1972. |
||
| 300 |
_a213 páginas ; _c18 cm. |
||
| 440 |
_aCompendios Nova de iniciación cultural _n61 _95507 |
||
| 505 | _aWalt Whitman -- Stephen Grane -- Jack London -- Roberto Frost .. | ||
| 650 |
_aEscritores. _92284 |
||
| 650 |
_aNorte América. _92819 |
||
| 650 |
_aLiteratura. _983 |
||
| 700 |
_aDi Segni de Sagel, Daniela _95508 |
||
| 942 |
_2ddc _cLIBROS |
||
| 945 |
_amvr _d2019-02-27 |
||